[Event "AUT-chT2W 0405"]
[Site "Austria"]
[Date "2005.03.04"]
[Round "9.4"]
[White "Webersberger, Johann"]
[Black "Feistenauer, Fred"]
[Result "1-0"]
[WhiteElo "2233"]
[BlackElo "2284"]
[PlyCount "46"]
[EventDate "2004.10.16"]
[EventType "team-tourn"]
[EventRounds "11"]
[EventCountry "AUT"]
[SourceTitle "EXT 2005"]
[Source "ChessBase"]
[SourceDate "2004.11.15"]
[SourceVersion "1"]
[SourceVersionDate "2004.11.15"]
[SourceQuality "1"]
[WhiteTeam "Ranshofen"]
[BlackTeam "Hohenems II"]
[WhiteTeamCountry "AUT"]
[BlackTeamCountry "AUT"]

1. e4 d5 2. exd5 Nf6 3. Nf3 Nxd5 4. d4 g6 5. c3 Bg7 6. Bd3 0-0 7. 0-0 c5 8. dxc5 Na6 9. Bc4 Ndc7 10. Be3 Be6 11. Qb3 Qc8 12. Nbd2 Bxc4 13. Qxc4 e5 14. b4 Ne6 15. Ne4 Qc7 16. Rad1 Rad8 17. Nfg5 Nxg5 18. Bxg5 Rxd1 19. Rxd1 Nb8 20. Rd6 h6 21. Rxg6 Kh7 22. Nf6+ Kh8 23. Rxh6+ Bxh6 1-0

[Event "AUT-chT 0405"]
[Site "Austria"]
[Date "2005.01.14"]
[Round "5"]
[White "Feistenauer, Fred"]
[Black "Ljubic, Juro"]
[Result "1/2-1/2"]
[WhiteElo "2284"]
[BlackElo "2178"]
[PlyCount "56"]
[EventDate "2004.11.19"]
[EventType "team"]
[EventRounds "11"]
[EventCountry "AUT"]
[SourceTitle "EXT 2006"]
[Source "ChessBase"]
[SourceDate "2005.11.24"]
[SourceVersion "1"]
[SourceVersionDate "2005.11.24"]
[SourceQuality "1"]
[WhiteTeam "Hohenems"]
[BlackTeam "Schwarzach"]
[WhiteTeamCountry "AUT"]
[BlackTeamCountry "AUT"]

1. e4 c5 2. Nf3 b6 3. Nc3 Bb7 4. d4 cxd4 5. Nxd4 a6 6. g3 e6 7. Bg2 Qc7 8. 0-0 Nc6 9. Re1 d6 10. b3 Nxd4 11. Qxd4 Be7 12. Bb2 Bf6 13. Qd2 Rc8 14. e5 dxe5 15. Bxb7 Qxb7 16. Ne4 Be7 17. Bxe5 Nf6 18. Bxf6 gxf6 19. Qd4 e5 20. Qd2 Qc6 21. c4 h5 22. Rad1 Rd8 23. Qe2 Rxd1 24. Rxd1 h4 25. Qf3 Kf8 26. Qf5 hxg3 27. hxg3 Rh6 28. f3 Bc5+ 1/2-1/2

[Event "AUT-chT2W 0304"]
[Site "Austria"]
[Date "2004.01.18"]
[Round "8"]
[White "Feistenauer, Fred"]
[Black "Loeffler, Christoph"]
[Result "1-0"]
[WhiteElo "2257"]
[BlackElo "2147"]
[PlyCount "55"]
[EventDate "2003.10.18"]
[EventType "team-tourn"]
[EventRounds "11"]
[EventCountry "AUT"]
[SourceTitle "EXT 2005"]
[Source "ChessBase"]
[SourceDate "2004.11.15"]
[SourceVersion "1"]
[SourceVersionDate "2004.11.15"]
[SourceQuality "1"]
[WhiteTeam "Hohenems II"]
[BlackTeam "Salzburg ASK"]
[WhiteTeamCountry "AUT"]
[BlackTeamCountry "AUT"]

1. c4 Nf6 2. g3 e6 3. Bg2 d5 4. Nf3 Be7 5. 0-0 0-0 6. d4 dxc4 7. Nbd2 c5 8. Nxc4 Nc6 9. dxc5 Bxc5 10. Bf4 Nd5 11. Bd2 Qe7 12. Rc1 Rd8 13. a3 a6 14. Qc2 Nd4 15. Nxd4 Bxd4 16. e4 Nf6 17. Bb4 Qe8 18. Ba5 Rd7 19. e5 Nd5 20. Nd6 Rxd6 21. exd6 Bd7 22. Qd2 Bf6 23. Bxd5 exd5 24. Rfe1 Be6 25. Rc7 Qb5 26. Bc3 Bd8 27. Rxe6 Bxc7 28. Qd4 1-0

[Event "AUT-chT2W 0304"]
[Site "Austria"]
[Date "2004.01.17"]
[Round "7"]
[White "Hoellrigl, Wilfried"]
[Black "Feistenauer, Fred"]
[Result "1/2-1/2"]
[WhiteElo "2200"]
[BlackElo "2257"]
[PlyCount "38"]
[EventDate "2003.10.18"]
[EventType "team-tourn"]
[EventRounds "11"]
[EventCountry "AUT"]
[SourceTitle "EXT 2005"]
[Source "ChessBase"]
[SourceDate "2004.11.15"]
[SourceVersion "1"]
[SourceVersionDate "2004.11.15"]
[SourceQuality "1"]
[WhiteTeam "Jenbach II"]
[BlackTeam "Hohenems II"]
[WhiteTeamCountry "AUT"]
[BlackTeamCountry "AUT"]

1. e4 d5 2. exd5 Nf6 3. d4 Bg4 4. Be2 Bxe2 5. Qxe2 Qxd5 6. Nf3 e6 7. 0-0 Be7 8. c4 Qf5 9. Nc3 0-0 10. d5 Bc5 11. dxe6 Nc6 12. Be3 Rae8 13. Bxc5 Qxc5 14. exf7+ Rxf7 15. Qd3 Rd7 16. Na4 Qxf2+ 17. Rxf2 Rxd3 18. Nc5 Rde3 19. Rd2 Ne4 1/2-1/2

[Event "AUT-chT2W 0102"]
[Site "Austria"]
[Date "2002.03.10"]
[Round "11.2"]
[White "Feistenauer, Fred"]
[Black "Proehl, Holger"]
[Result "0-1"]
[WhiteElo "2222"]
[BlackElo "2310"]
[PlyCount "46"]
[EventDate "2001.10.12"]
[EventType "team"]
[EventRounds "11"]
[EventCountry "AUT"]
[SourceTitle "EXT 2002"]
[Source "ChessBase"]
[SourceDate "2001.11.25"]
[SourceVersion "1"]
[SourceVersionDate "2001.11.25"]
[SourceQuality "1"]

1. c4 Nf6 2. g3 c6 3. Bg2 d5 4. Nf3 g6 5. b3 Bg7 6. Bb2 0-0 7. 0-0 Nbd7 8. d4 Ne4 9. Nbd2 Qa5 10. cxd5 cxd5 11. Nxe4 dxe4 12. Nd2 f5 13. Nc4 Qa6 14. Qd2 Nb6 15. Nxb6 Qxb6 16. Rfd1 Rd8 17. e3 Be6 18. Ba3 Bf6 19. Rac1 Bd5 20. Qb2 a5 21. Bf1 Kg7 22. Bc4 a4 23. Bc5 Qxc5 0-1

[Event "AUT-chT2W 0102"]
[Site "Austria"]
[Date "2001.11.24"]
[Round "5.2"]
[White "Feistenauer, Fred"]
[Black "Herbrechtsmeier, Christof"]
[Result "1/2-1/2"]
[WhiteElo "2222"]
[BlackElo "2345"]
[PlyCount "49"]
[EventDate "2001.10.12"]
[EventType "team"]
[EventRounds "11"]
[EventCountry "AUT"]
[SourceTitle "EXT 2002"]
[Source "ChessBase"]
[SourceDate "2001.11.25"]
[SourceVersion "1"]
[SourceVersionDate "2001.11.25"]
[SourceQuality "1"]

1. c4 g6 2. Nc3 Bg7 3. g3 f5 4. Bg2 Nf6 5. d3 d6 6. e4 Nc6 7. Nge2 0-0 8. 0-0 Kh8 9. h3 fxe4 10. dxe4 e5 11. Be3 Be6 12. Nd5 Ne7 13. Nec3 c6 14. Nxf6 Bxf6 15. Qd3 Qa5 16. Qxd6 Bxc4 17. Rfd1 Rad8 18. Qc5 Qxc5 19. Bxc5 b6 20. Be3 Kg7 21. b3 Be6 22. Bf1 Nc8 23. Kg2 Rxd1 24. Rxd1 Rd8 25. Be2 1/2-1/2

[Event "AUT-chT2W 0001"]
[Site "Austria"]
[Date "2001.01.12"]
[Round "6"]
[White "Novkovic, Milan"]
[Black "Feistenauer, Fred"]
[Result "1-0"]
[WhiteElo "2402"]
[BlackElo "2251"]
[PlyCount "64"]
[EventDate "2000.??.??"]
[EventType "team"]
[EventRounds "9"]
[EventCountry "AUT"]
[SourceTitle "EXT 2002"]
[Source "ChessBase"]
[SourceDate "2001.11.25"]
[SourceVersion "1"]
[SourceVersionDate "2001.11.25"]
[SourceQuality "1"]

1. c4 e5 2. Nc3 Nc6 3. e3 Nf6 4. Nf3 Bb4 5. Qc2 0-0 6. a3 Bxc3 7. Qxc3 Re8 8. d3 d5 9. cxd5 Qxd5 10. Be2 e4 11. dxe4 Nxe4 12. Qc4 Qxc4 13. Bxc4 Na5 14. Bd5 Nf6 15. Ba2 Be6 16. Bxe6 Rxe6 17. Nd4 Ree8 18. b4 Nc4 19. Ra2 c6 20. Rc2 Ne5 21. Ke2 Nd5 22. Bb2 Rad8 23. g3 f6 24. h3 a6 25. Nb3 Re7 26. Rd1 Rde8 27. Nc5 Nf7 28. Nd3 Ng5 29. Nf4 Nxf4+ 30. gxf4 Ne6 31. Kf3 Nc7 32. f5 Nd5 1-0

[Event "AUT-chT2W 0001"]
[Site "Austria"]
[Date "2000.11.26"]
[Round "5.1"]
[White "Feistenauer, Fred"]
[Black "Schmittdiel, Eckhard"]
[Result "0-1"]
[WhiteElo "2251"]
[BlackElo "2479"]
[PlyCount "132"]
[EventDate "2000.??.??"]
[EventType "team"]
[EventRounds "9"]
[EventCountry "AUT"]
[SourceTitle "EXT 2002"]
[Source "ChessBase"]
[SourceDate "2001.11.25"]
[SourceVersion "1"]
[SourceVersionDate "2001.11.25"]
[SourceQuality "1"]

1. c4 c5 2. g3 Nc6 3. Bg2 g6 4. Nc3 Bg7 5. a3 e6 6. b4 Nxb4 7. axb4 cxb4 8. Qb3 bxc3 9. dxc3 Ne7 10. e4 Nc6 11. Ne2 Qc7 12. 0-0 Na5 13. Qa4 Nxc4 14. Nd4 0-0 15. Nb5 Qc5 16. Bf4 e5 17. Bg5 h6 18. Bc1 d6 19. Na3 Nb6 20. Qb4 Be6 21. Rd1 Rfc8 22. Nb5 Qxb4 23. cxb4 Nc4 24. Rxa7 Rxa7 25. Nxa7 Ra8 26. Nb5 Ra1 27. Nc3 Bf8 28. Bf3 h5 29. Kg2 Be7 30. h4 Bd8 31. Be2 Bb6 32. Bg5 Rxd1 33. Bxd1 Bd4 34. Nb5 Bd7 35. Nxd4 exd4 36. Be2 Ne5 37. f4 Nc6 38. Bf6 Nxb4 39. Bxd4 Bc6 40. Bf3 f5 41. Kf2 Bxe4 42. Be2 Kf7 43. Bc4+ Ke7 44. Bc3 Nc6 45. Ke3 Nb8 46. Bb5 Bc6 47. Bc4 Nd7 48. Kd4 b5 49. Ba2 Nc5 50. Bb4 Ne4 51. Be1 Be8 52. Bd5 Nf6 53. Bb4 Bd7 54. Ba5 Be6 55. Bc6 Bc4 56. Bb4 Ke6 57. Ba3 Ke7 58. Bb4 Nh7 59. Ba3 Nf8 60. Ke3 Ne6 61. Bb4 Nd8 62. Bf3 Kd7 63. Kd4 Ne6+ 64. Ke3 d5 65. Bc3 Kc6 66. Bd1 Kc5 0-1

[Event "AUT-chT2W 0001"]
[Site "Austria"]
[Date "2000.11.25"]
[Round "4.1"]
[White "Dobosz, Henryk"]
[Black "Feistenauer, Fred"]
[Result "1-0"]
[WhiteElo "2381"]
[BlackElo "2251"]
[PlyCount "105"]
[EventDate "2000.??.??"]
[EventType "team"]
[EventRounds "9"]
[EventCountry "AUT"]
[SourceTitle "EXT 2002"]
[Source "ChessBase"]
[SourceDate "2001.11.25"]
[SourceVersion "1"]
[SourceVersionDate "2001.11.25"]
[SourceQuality "1"]

1. Nf3 Nc6 2. e4 d6 3. d4 Nf6 4. c3 Bg4 5. Nbd2 e6 6. Bd3 Be7 7. 0-0 0-0 8. Re1 e5 9. d5 Nb8 10. h3 Bxf3 11. Nxf3 c6 12. c4 Nfd7 13. Bc2 a5 14. Be3 Na6 15. a3 Qc7 16. Rc1 Rfc8 17. g3 Ndc5 18. b3 b5 19. cxb5 cxb5 20. Kg2 Qb7 21. Qe2 Rc7 22. Red1 Rac8 23. h4 Bf8 24. Ne1 Nb8 25. Rb1 Nbd7 26. b4 axb4 27. Rxb4 Qa8 28. Ra1 Ra7 29. Bc1 f5 30. f3 fxe4 31. fxe4 Rac7 32. Rxb5 Nf6 33. Bg5 Be7 34. a4 h6 35. Bd2 Bf8 36. Ra5 Ra7 37. Rxa7 Qxa7 38. a5 Be7 39. Be3 Qa8 40. Bxc5 Rxc5 41. a6 Bd8 42. Bd3 Ba5 43. Nc2 Bc3 44. Rb1 Rc7 45. Na3 Bd4 46. Nb5 Rd7 47. Nxd4 exd4 48. Qb2 Qa7 49. Qb8+ Kf7 50. Qc8 Qc7 51. Qxc7 Rxc7 52. Rb6 Ke7 53. e5 1-0

[Event "AUT-chT 9900"]
[Site "Austria"]
[Date "2000.01.16"]
[Round "8.5"]
[White "Penz, Harald"]
[Black "Feistenauer, Fred"]
[Result "1/2-1/2"]
[WhiteElo "2403"]
[BlackElo "2278"]
[PlyCount "20"]
[EventDate "1999.10.22"]
[EventType "team-tourn"]
[EventRounds "11"]
[EventCountry "AUT"]
[SourceTitle "EXT 2000"]
[Source "ChessBase"]
[SourceDate "1999.11.16"]
[SourceVersion "1"]
[SourceVersionDate "1999.11.16"]
[SourceQuality "1"]
[WhiteTeam "Hietzing/Fischer SK"]
[BlackTeam "Hohenems"]
[WhiteTeamCountry "AUT"]
[BlackTeamCountry "AUT"]

1. e4 d5 2. exd5 Nf6 3. d4 Bg4 4. Nf3 Qxd5 5. Be2 Nc6 6. h3 Bxf3 7. Bxf3 Qd7 8. c3 e5 9. 0-0 0-0-0 10. Qa4 exd4 1/2-1/2

[Event "AUT-chT 9900"]
[Site "Austria"]
[Date "2000.01.14"]
[Round "6.5"]
[White "Ebner, Hubert"]
[Black "Feistenauer, Fred"]
[Result "1-0"]
[WhiteElo "2245"]
[BlackElo "2278"]
[PlyCount "143"]
[EventDate "1999.10.22"]
[EventType "team-tourn"]
[EventRounds "11"]
[EventCountry "AUT"]
[SourceTitle "EXT 2000"]
[Source "ChessBase"]
[SourceDate "1999.11.16"]
[SourceVersion "1"]
[SourceVersionDate "1999.11.16"]
[SourceQuality "1"]
[WhiteTeam "Graz Austria"]
[BlackTeam "Hohenems"]
[WhiteTeamCountry "AUT"]
[BlackTeamCountry "AUT"]

1. d4 Nc6 2. c4 e5 3. d5 Nce7 4. e4 Ng6 5. Nc3 Nf6 6. h4 h5 7. Bg5 Be7 8. Be2 Ng8 9. Bxe7 Qxe7 10. g3 Nf6 11. Nf3 d6 12. Ng5 Nf8 13. Nb5 Qd8 14. b4 a6 15. Nc3 N8d7 16. Rc1 a5 17. a3 axb4 18. axb4 g6 19. Nb5 b6 20. 0-0 Nh7 21. Nxh7 Rxh7 22. Qd2 Nf6 23. Ra1 Rb8 24. f3 Bd7 25. Ra7 Bxb5 26. cxb5 Kf8 27. Qc3 Rc8 28. Qe3 Ne8 29. f4 f6 30. Rf2 Kg8 31. Bf1 Ra8 32. Ra6 Rb8 33. Bh3 Kg7 34. Ra7 Rh8 35. Be6 Rf8 36. Kh2 Rh8 37. Rc2 Rf8 38. Rc6 Rh8 39. Rxb6 Rxb6 40. Qxb6 exf4 41. gxf4 Rf8 42. Qd4 Kh6 43. Qg1 Ng7 44. f5 g5 45. Qc1 Ne8 46. Qc6 Rh8 47. b6 cxb6 48. Ra8 Qe7 49. Qxb6 Rh7 50. b5 Nc7 51. Rc8 Nxe6 52. fxe6 Rg7 53. Rh8+ Kg6 54. Qd8 g4 55. Qxe7 Rxe7 56. Kg3 f5 57. exf5+ Kxf5 58. Rxh5+ Kg6 59. Rg5+ Kf6 60. Kxg4 Rb7 61. Kh5 Rxb5 62. Kh6 Rb4 63. Rg6+ Ke7 64. Rg7+ Ke8 65. Rd7 Rxh4+ 66. Kg5 Rh1 67. Rxd6 Rg1+ 68. Kf4 Rf1+ 69. Ke3 Re1+ 70. Kd2 Re5 71. Kd3 Re1 72. Rd7 1-0

[Event "SUI-chT"]
[Site "Switzerland"]
[Date "2000.??.??"]
[Round "?"]
[White "Feistenauer, Fred"]
[Black "Atlas, Valeri"]
[Result "0-1"]
[WhiteElo "2277"]
[BlackElo "2472"]
[PlyCount "116"]
[EventDate "2000.02.??"]
[EventType "team-tourn"]
[EventRounds "9"]
[EventCountry "SUI"]
[SourceTitle "EXT 2001"]
[Source "ChessBase"]
[SourceDate "2000.11.22"]
[SourceVersion "1"]
[SourceVersionDate "2000.11.22"]
[SourceQuality "1"]

1. c4 c5 2. g3 Nf6 3. Bg2 e6 4. Nf3 Be7 5. 0-0 Qc7 6. Nc3 a6 7. e4 d6 8. d3 0-0 9. Nh4 Nc6 10. f4 Rb8 11. f5 b5 12. Ne2 Ne5 13. b3 d5 14. fxe6 dxe4 15. exf7+ Rxf7 16. dxe4 bxc4 17. bxc4 Be6 18. Qc2 Rb4 19. Bf4 Rxc4 20. Qb2 Nfd7 21. Rad1 Bf6 22. Qd2 Ra4 23. Nc3 Rd4 24. Qc1 Qa7 25. Nd5 Bxd5 26. exd5 Nd3 27. Rxd3 Rxd3 28. Kh1 Bxh4 29. gxh4 Rd4 30. Be3 Rxf1+ 31. Qxf1 Rxh4 32. d6 Qb8 33. Bd5+ Kh8 34. Qf7 Nf6 35. Qc7 Qe8 36. Qe7 Rxh2+ 37. Kxh2 Qh5+ 38. Kg1 Qxd5 39. Qf8+ Ng8 40. Bf2 Qd1+ 41. Kg2 Qg4+ 42. Kf1 Qd1+ 43. Kg2 Qd5+ 44. Kh3 c4 45. Bg3 Qc6 46. Kh2 c3 47. Bf4 c2 48. Kg3 Qc3+ 49. Kg2 c1Q 50. Bxc1 Qxc1 51. Qd8 Qb2+ 52. Kh1 Qa1+ 53. Kg2 Qxa2+ 54. Kg1 Qa1+ 55. Kg2 Qb2+ 56. Kh1 Qf6 57. Qc7 Qf1+ 58. Kh2 Qf4+ 0-1

[Event "SUI-chT"]
[Site "Switzerland"]
[Date "2000.??.??"]
[Round "?"]
[White "Loetscher, Roland"]
[Black "Feistenauer, Fred"]
[Result "1-0"]
[WhiteElo "2218"]
[BlackElo "2277"]
[PlyCount "71"]
[EventDate "2000.02.??"]
[EventType "team-tourn"]
[EventRounds "9"]
[EventCountry "SUI"]
[SourceTitle "EXT 2001"]
[Source "ChessBase"]
[SourceDate "2000.11.22"]
[SourceVersion "1"]
[SourceVersionDate "2000.11.22"]
[SourceQuality "1"]

1. d4 Nc6 2. Nf3 d5 3. c4 Bg4 4. cxd5 Bxf3 5. gxf3 Qxd5 6. e3 e6 7. Nc3 Qh5 8. a3 Bd6 9. f4 Qxd1+ 10. Kxd1 0-0-0 11. Bd2 Nf6 12. Rc1 h6 13. Bg2 g5 14. Nb5 Nd5 15. f5 Kb8 16. Nxd6 cxd6 17. Ke2 Nde7 18. fxe6 fxe6 19. b4 Nd5 20. h4 Nce7 21. Bh3 Nc7 22. hxg5 hxg5 23. e4 Rdg8 24. Bg4 Rxh1 25. Rxh1 Nc6 26. Kd3 a6 27. a4 Rf8 28. Rh2 e5 29. d5 Nd4 30. Be3 Ne8 31. Bxd4 exd4 32. Kxd4 Nf6 33. Bf5 Kc7 34. Rh6 Kd8 35. Rg6 Nd7 36. Rxd6 1-0

[Event "AUT-chT 9900"]
[Site "Austria"]
[Date "1999.10.24"]
[Round "3.6"]
[White "Freitag, Manfred"]
[Black "Feistenauer, Fred"]
[Result "1-0"]
[WhiteElo "2373"]
[BlackElo "2278"]
[PlyCount "83"]
[EventDate "1999.10.22"]
[EventType "team-tourn"]
[EventRounds "11"]
[EventCountry "AUT"]
[SourceTitle "EXT 2000"]
[Source "ChessBase"]
[SourceDate "1999.11.16"]
[SourceVersion "1"]
[SourceVersionDate "1999.11.16"]
[SourceQuality "1"]
[WhiteTeam "Fuerstenfeld SK Gesundheitstreff Spk"]
[BlackTeam "Hohenems"]
[WhiteTeamCountry "AUT"]
[BlackTeamCountry "AUT"]

1. d4 Nc6 2. c4 e5 3. d5 Nce7 4. e4 Nf6 5. f3 Ng6 6. Be3 Bb4+ 7. Nc3 Bxc3+ 8. bxc3 d6 9. c5 Nd7 10. Bb5 0-0 11. c6 Nb8 12. cxb7 Bxb7 13. Ne2 c6 14. dxc6 Bxc6 15. Bc4 Ne7 16. 0-0 d5 17. Bb3 Qa5 18. f4 dxe4 19. fxe5 Bd5 20. e6 Nbc6 21. exf7+ Bxf7 22. Rxf7 Rxf7 23. Qd7 Qf5 24. Qxf5 Nxf5 25. Rf1 Nxe3 26. Rxf7 Kh8 27. Rf4 g6 28. Rxe4 Nf5 29. Bd5 Rc8 30. Rc4 Nce7 31. Rxc8+ Nxc8 32. Be6 Ncd6 33. Bxf5 gxf5 34. Kf2 Kg7 35. Ke3 Kf6 36. Kd4 Nf7 37. Kd5 Ng5 38. c4 Ke7 39. Nd4 f4 40. c5 h5 41. h4 Nh7 42. Ke5 1-0

[Event "AUT-chT 9900"]
[Site "Austria"]
[Date "1999.10.23"]
[Round "2.1"]
[White "Eichler, Christoph"]
[Black "Feistenauer, Fred"]
[Result "1/2-1/2"]
[WhiteElo "2234"]
[BlackElo "2278"]
[PlyCount "28"]
[EventDate "1999.10.22"]
[EventType "team-tourn"]
[EventRounds "11"]
[EventCountry "AUT"]
[SourceTitle "EXT 2000"]
[Source "ChessBase"]
[SourceDate "1999.11.16"]
[SourceVersion "1"]
[SourceVersionDate "1999.11.16"]
[SourceQuality "1"]
[WhiteTeam "Salzburg Mozart"]
[BlackTeam "Hohenems"]
[WhiteTeamCountry "AUT"]
[BlackTeamCountry "AUT"]

1. d4 Nc6 2. g3 e5 3. c3 Nf6 4. Bg2 d6 5. Bg5 h6 6. dxe5 Nxe5 7. Bxf6 Qxf6 8. Nd2 Qe7 9. Ndf3 g6 10. Nxe5 dxe5 11. Qb3 c6 12. Nf3 Bg7 13. 0-0 Kf8 14. Rad1 Be6 1/2-1/2

[Event "AUT-chT2Wa 9900"]
[Site "Austria"]
[Date "1999.10.01"]
[Round "1"]
[White "Grabher, Heinz"]
[Black "Feistenauer, Fred"]
[Result "0-1"]
[WhiteElo "2262"]
[BlackElo "2281"]
[PlyCount "96"]
[EventDate "1999.10.15"]
[EventType "team"]
[EventRounds "9"]
[EventCountry "AUT"]
[SourceTitle "EXT 2002"]
[Source "ChessBase"]
[SourceDate "2001.11.25"]
[SourceVersion "1"]
[SourceVersionDate "2001.11.25"]
[SourceQuality "1"]

1. e4 d5 2. exd5 Nf6 3. d4 Bg4 4. Nf3 Qxd5 5. Nc3 Qh5 6. Bf4 Bxf3 7. Qxf3 Qxf3 8. gxf3 c6 9. Ne4 Nbd7 10. Bh3 Nh5 11. Bd2 e6 12. f4 g6 13. 0-0 Ndf6 14. Rfe1 Nxe4 15. Rxe4 0-0-0 16. Kg2 Bg7 17. c3 c5 18. Be3 cxd4 19. cxd4 Nf6 20. Re5 Nd5 21. Rg5 Bf6 22. Rg4 Ne7 23. Rd1 Nf5 24. Kf3 Bxd4 25. Rgg1 Nxe3 26. Rc1+ Kb8 27. fxe3 Bxb2 28. Rc2 Ba3 29. Rc3 Be7 30. Rgc1 Rc8 31. Ke4 Rxc3 32. Rxc3 Bf6 33. Rc2 Rc8 34. Rxc8+ Kxc8 35. Bf1 Bb2 36. Bb5 Kd8 37. a4 Ke7 38. Kf3 Kd6 39. Be8 Ke7 40. Bb5 Bc1 41. Bd3 a6 42. e4 Kd6 43. e5+ Kc5 44. Kg4 h6 45. h3 b5 46. axb5 axb5 47. Bc2 Kd4 48. Bd1 Kc3 0-1

[Event "AUT-chT 9899"]
[Site "Austria"]
[Date "1999.??.??"]
[Round "?"]
[White "Feistenauer, Fred"]
[Black "Gerhold, Michael"]
[Result "1/2-1/2"]
[WhiteElo "2315"]
[BlackElo "2270"]
[PlyCount "100"]
[EventDate "1998.??.??"]
[EventType "team"]
[EventRounds "11"]
[EventCountry "AUT"]
[SourceTitle "EXT 2000"]
[Source "ChessBase"]
[SourceDate "1999.11.16"]
[SourceVersion "1"]
[SourceVersionDate "1999.11.16"]
[SourceQuality "1"]

1. e4 c5 2. Nf3 Nc6 3. Bb5 g6 4. 0-0 Bg7 5. Qe2 e5 6. Qc4 d6 7. b4 Be6 8. Qc3 Nf6 9. d3 0-0 10. Bxc6 cxb4 11. Qxb4 bxc6 12. Ba3 c5 13. Qd2 h6 14. c4 Nh5 15. Nc3 f5 16. Kh1 f4 17. Nd5 g5 18. Ne1 Qd7 19. f3 Qf7 20. Qf2 Rab8 21. Nc2 Rb7 22. Rfb1 Rfb8 23. Rxb7 Rxb7 24. Ne1 Kh7 25. Qc2 g4 26. Rb1 g3 27. h3 Qd7 28. Rxb7 Qxb7 29. Bc1 Bf6 30. Bd2 Bh4 31. Kg1 Qd7 32. Ba5 Bd8 33. Bc3 Bb6 34. Qb3 Qd8 35. Qb5 Bd7 36. Qb2 Ba5 37. Nc2 Bxc3 38. Qxc3 Qc8 39. Qb2 Kg7 40. Ne1 Nf6 41. Nxf6 Kxf6 42. Nc2 Ke7 43. Na3 Qa6 44. Nb1 Bc6 45. Nc3 Qa5 46. a3 Kd7 47. Kf1 Kc7 48. Ke2 Qb6 49. Qxb6+ axb6 50. a4 Kd7 1/2-1/2

[Event "AUT-chT 9899"]
[Site "Austria"]
[Date "1999.??.??"]
[Round "?"]
[White "Feistenauer, Fred"]
[Black "Loeffler, Stefan"]
[Result "0-1"]
[WhiteElo "2315"]
[BlackElo "2405"]
[PlyCount "56"]
[EventDate "1998.??.??"]
[EventType "team"]
[EventRounds "11"]
[EventCountry "AUT"]
[SourceTitle "EXT 2000"]
[Source "ChessBase"]
[SourceDate "1999.11.16"]
[SourceVersion "1"]
[SourceVersionDate "1999.11.16"]
[SourceQuality "1"]

1. e4 c5 2. Nc3 e6 3. f4 a6 4. Nf3 d5 5. g3 Nc6 6. d3 d4 7. Ne2 f5 8. Bg2 Nf6 9. Ng5 h6 10. Nh3 fxe4 11. dxe4 e5 12. Nf2 c4 13. h3 Bc5 14. 0-0 Be6 15. Kh2 Qd6 16. b3 b5 17. bxc4 bxc4 18. fxe5 Nxe5 19. Nf4 0-0 20. Nxe6 Qxe6 21. Bf4 Rad8 22. Bxe5 Qxe5 23. Ng4 Nxg4+ 24. Qxg4 d3 25. cxd3 Rxd3 26. Rxf8+ Bxf8 27. Rd1 h5 28. Qe2 Qxg3+ 0-1

[Event "AUT-chT 9899"]
[Site "Austria"]
[Date "1999.??.??"]
[Round "?"]
[White "Schneider Zinner, Harald"]
[Black "Feistenauer, Fred"]
[Result "1-0"]
[WhiteElo "2245"]
[BlackElo "2315"]
[PlyCount "61"]
[EventDate "1998.??.??"]
[EventType "team"]
[EventRounds "11"]
[EventCountry "AUT"]
[SourceTitle "EXT 2000"]
[Source "ChessBase"]
[SourceDate "1999.11.16"]
[SourceVersion "1"]
[SourceVersionDate "1999.11.16"]
[SourceQuality "1"]

1. d4 Nc6 2. Nf3 d5 3. c4 Bg4 4. Nc3 e6 5. Bf4 dxc4 6. e3 Bd6 7. Bg3 Nge7 8. Bxc4 0-0 9. 0-0 Ng6 10. Be2 a6 11. Rc1 Re8 12. a3 Rb8 13. Qa4 Nce7 14. Ne4 Nf5 15. Rc2 Bxg3 16. hxg3 Nd6 17. Nxd6 Qxd6 18. Rfc1 c6 19. Rc5 Rbd8 20. Qa5 Bxf3 21. Bxf3 e5 22. d5 e4 23. dxc6 b6 24. Qxb6 exf3 25. Qxa6 Ne5 26. Qb5 fxg2 27. c7 Rc8 28. Qxe8+ Rxe8 29. c8Q Rf8 30. Qc7 Nf3+ 31. Kxg2 1-0

[Event "AUT-chT3 9899"]
[Site "Austria"]
[Date "1998.11.06"]
[Round "4"]
[White "Levy, Rene"]
[Black "Feistenauer, Fred"]
[Result "1/2-1/2"]
[WhiteElo "2200"]
[BlackElo "2315"]
[PlyCount "33"]
[EventDate "1998.??.??"]
[EventType "team"]
[EventRounds "9"]
[EventCountry "AUT"]
[SourceTitle "EXT 2002"]
[Source "ChessBase"]
[SourceDate "2001.11.25"]
[SourceVersion "1"]
[SourceVersionDate "2001.11.25"]
[SourceQuality "1"]

1. d4 d5 2. Nf3 Nf6 3. g3 g6 4. Bg2 Bg7 5. 0-0 0-0 6. Nbd2 c6 7. c3 Bf5 8. h3 Ne4 9. g4 Nxd2 10. Nxd2 Be6 11. f4 f5 12. g5 Nd7 13. b3 c5 14. Nf3 Rc8 15. Be3 Qa5 16. Qd2 Bf7 17. Rac1 1/2-1/2

[Event "AUT-chT 9798"]
[Site "Austria"]
[Date "1998.03.06"]
[Round "9"]
[White "Posch, Werner"]
[Black "Feistenauer, Fred"]
[Result "1/2-1/2"]
[WhiteElo "2270"]
[BlackElo "2315"]
[PlyCount "23"]
[EventDate "1997.10.12"]
[EventType "team-tourn"]
[EventRounds "11"]
[EventCountry "AUT"]
[SourceTitle "CBM 063 ext"]
[Source "ChessBase"]
[SourceDate "1998.04.29"]
[SourceVersion "1"]
[SourceVersionDate "1998.04.29"]
[SourceQuality "1"]
[WhiteTeam "Wiener Neustadt"]
[BlackTeam "Hohenems"]
[WhiteTeamCountry "AUT"]
[BlackTeamCountry "AUT"]

1. e4 d5 2. exd5 Nf6 3. Nc3 Nxd5 4. Bc4 Nb6 5. Bb3 Nc6 6. Nf3 Bf5 7. a4 a5 8. d4 e6 9. 0-0 Be7 10. Bf4 0-0 11. h3 Bf6 12. Nb5 1/2-1/2

[Event "AUT-chT3 9798"]
[Site "Vorarlberg "]
[Date "1998.02.13"]
[Round "8"]
[White "Dobosz, Henryk"]
[Black "Feistenauer, Fred"]
[Result "0-1"]
[WhiteElo "2395"]
[BlackElo "2315"]
[PlyCount "86"]
[EventDate "1997.??.??"]
[EventType "team-tourn"]
[EventRounds "9"]
[EventCountry "AUT"]
[SourceTitle "EXT 1999"]
[Source "ChessBase"]
[SourceDate "1998.11.16"]
[SourceVersion "1"]
[SourceVersionDate "1998.11.16"]
[SourceQuality "1"]

1. Nf3 Nc6 2. e4 d6 3. d4 Nf6 4. Nc3 Bg4 5. d5 Nb8 6. h3 Bxf3 7. Qxf3 g6 8. g4 Bg7 9. h4 h5 10. g5 Nfd7 11. Qe2 c6 12. Bd2 a6 13. a4 0-0 14. Bh3 a5 15. 0-0 Nc5 16. Kh1 Qb6 17. Nd1 Nba6 18. c3 Nb3 19. Be3 Qc7 20. Ra3 Nbc5 21. Bd4 Rae8 22. f4 e6 23. dxc6 Qxc6 24. Bg2 Nxa4 25. e5 d5 26. c4 Rd8 27. cxd5 exd5 28. Ne3 Nb4 29. f5 Rfe8 30. f6 Bf8 31. Qd1 b5 32. b3 Nc3 33. Qe1 Nd3 34. Qa1 Bxa3 35. Qxa3 Ne4 36. Kg1 Nxe5 37. Qxa5 Ng4 38. Nxg4 hxg4 39. Qa2 Ng3 40. Rf2 Re1+ 41. Bf1 Qc1 42. Rc2 Rxf1+ 43. Kg2 Qf4 0-1